• 首页
  • 本馆介绍
  • 公告通知
  • 最新文献
  • 馆藏检索
  • 电子资源
  • 读者导购
  • 参考咨询
  • 我的图书馆
  • 登录
  • 详细信息显示
  • 放入我的书架
  • 预约/预借图书
  • 作者相关作品
  • 分类相关作品
  • 丛书相关作品
  • 出版社相关作品

书目信息

  • 表格格式
  • 工作单格式
  • 卡片格式
题名:
党政干部统一战线知识读本
    
 
作者: ;中共中央统一战线工作部 编
分册:  
出版信息: 北京   华文出版社  1999
页数: 246页
开本: 20cm
丛书名:
单 册:
中图分类: D613
科图分类:
主题词: 统一战线工作--基本知识--中国
电子资源:
ISBN: 7-5075-0836-6
000 00695nam0 2200193 450
001 0733401035
005 20070718170346.71
010    @a7-5075-0836-6@dCNY16.50
100    @a20070709d1999 km y0chiy0120 ea
101 0  @achi
102    @aCN@b110000
200 1  @a党政干部统一战线知识读本@Adang zheng gan bu tong yi zhan xian zhi shi du ben@f中共中央统一战线工作部编@Fzhong gong zhong yang tong yi zhan xian gong zuo bu bian
210    @a北京@c华文出版社@d1999
215    @a246页@d20cm
606 0  @a统一战线工作@x基本知识@y中国
690    @aD613@v3
711 02 @a中共中央统一战线工作部@Azhong gong zhong yang tong yi zhan xian gong zuo bu@4编
801  0 @aCN@bPFT@c20070718
905    @a10447@dD613@e115
    
    党政干部统一战线知识读本/中共中央统一战线工作部编.-北京:华文出版社,1999
    246页;20cm
    
    
    ISBN 7-5075-0836-6:CNY16.50
    
●
相关链接 在E读中查询图书 在五车中查询图书 在当当中查询图书 在豆瓣中查询图书


正题名:党政干部统一战线知识读本     索取号:D613/115         预约/预借

序号 登录号 条形码 馆藏地/架位号 状态 备注
1 0767039   207670395   密集书库/ [索取号:D613/115] 在馆    
2 0768760   207687608   第一样本阅览室/ [索取号:D613/115] 在馆    
3 0770405   207704055   密集书库/ [索取号:D613/115] 在馆    
4 0770537   207705376   密集书库/ [索取号:D613/115] 在馆    
唐山师范学院图书馆 欢迎您!
大连网信软件有限公司© 版权所有